LEADER 01042nam a2200265 4500 001 000000344501 003 CaOOAMICUS 005 20210302102638.0 008 210224s1966 be a 000 u fre r 040 $aSeMil$bita 100 1 $aJeanson, Francis.$0(OLS)http://semarc/name/38247 245 10$aSartre /$cFrancis Jeanson. 264 1$a[Bruges] :$bDesclée de Brouwer,$c1966. 300 $a142 p., [2] c. di tav. :$bill. ;$c17 cm 490 1 $aLes écrivains devant Dieu ;$v9 541 0 $aFondo mons. Pasquale Macchi (1W I 527) 600 14$aSartre, Jean-Paul <1905-1980>.$0(OLS)http://semarc/subject/6044 830 4$aLes écrivains devant Dieu ;$v9.$0(OLS)http://semarc/title/430132 850 $aSeMil 852 $aSeMil$W1$xVenegono$y1$m1W I 527$j224554$B235532$CSeMilBibl$Z2$F235532 $81 941 1 $a8 961 $aFondo mons. Pasquale Macchi 996 $6245$aSartre$9(OLS)http://semarc/title/111783 996 $6264$a[Bruges] :$bDesclée de Brouwer$9(OLS)http://semarc/publisher/40270 LEADER 01090nam a2200217 i 4500 001 000000251649 003 CaOOAMICUS 005 20240201144027.0 008 161124s1685 it u000 u ita u 013 $a230554 026 $aro,e e-e- r-Re zase (3) 1685 (R) 040 $aSeMil$bita 245 10$aParte quarta dedicata, all'Eccellenza Illustrissima del Cavaliere Conte d'Avaux, .. 300 $a[12], 792, [36] p. 500 $aSegn.: *6 A-2L12 2M6 773 0 $aLeti, Gregorio <1630-1704>$tCeremoniale historico, e politico. Opera utilissima a tutti gli ambasciatori, e ministri publici, e particolarmente à quei che vogliono pervenire à tali carichi, e ministeri. Di Gregorio Leti. Parte 1. [-6.].$dAmsterdamo : Per Giovanni & Egidio Janssonio à Waesberge, 1685.$g4$w()12320 850 $aSeMil 852 $aSeMil$W1$xVenegono$y1$m3M I 73 FA$j201995$B201995$CSeMilBibl$Z2$F214423 $8I 961 $aRecupero: Mantegazza 996 $6245$aParte quarta dedicata, all'Eccellenza Illustrissima del Cavaliere Conte d'Avaux, ..$9(OLS)http://semarc/title/353880